| 000 | 00640nam a22002417a 4500 | ||
|---|---|---|---|
| 003 | UA-OsUOA | ||
| 001 | 38050 | ||
| 007 | ta | ||
| 008 | 20060426b un ||||| |||| 00| 0 ukr d | ||
| 100 | _aЄйтс В. Б. | ||
| 090 |
_a821.111 _bЄ44 |
||
| 942 | _cBK | ||
| 040 |
_aUA-OsUOA _bukr _cUA-OsUOA _dUA-OsUOA |
||
| 245 |
_aВибрані твори _bпоезії, поеми, драми |
||
| 300 | _a640 с. | ||
| 955 | _a3 | ||
| 041 | _aukr | ||
| 080 | _a821.111 | ||
| 020 | _a966-7305-96-1 | ||
| 260 |
_aК. _bЮніверс _c2004 |
||
| 650 | 7 |
_a82 Література. Літературознавство _2UDC |
|
| 999 |
_c324215 _d324215 |
||